[Event "GER-ch U25 op-B"]
[Site "Willingen"]
[Date "2015.05.24"]
[Round "1"]
[White "Roessl, Adam"]
[Black "Petri, Ben Luca"]
[Result "0-1"]
[WhiteElo "1230"]
[BlackElo "1555"]
[PlyCount "76"]
[EventDate "2015.05.24"]
[EventType "swiss"]
[EventRounds "9"]
[EventCountry "GER"]
[SourceTitle "CBM 166 Extra"]
[Source "ChessBase"]
[SourceDate "2015.06.18"]
[SourceVersion "1"]
[SourceVersionDate "2015.06.18"]
[SourceQuality "1"]

1. e4 e5 2. Nf3 Nc6 3. Bc4 Bc5 4. c3 Nf6 5. d4 exd4 6. cxd4 Bb4+ 7. Nc3 Nxe4 8. 0-0 Bxc3 9. bxc3 d5 10. Re1 0-0 11. Qc2 Re8 12. Bd3 f5 13. Bg5 Qd6 14. c4 Nb4 15. Qb3 Nxd3 16. Qxd3 dxc4 17. Qxc4+ Be6 18. Qd3 h6 19. Be3 Bf7 20. Ne5 Qd5 21. Nf3 c5 22. Qc2 c4 23. Nd2 Nd6 24. Bf4 Qxd4 25. Bxd6 Qxd6 26. Nxc4 Qc5 27. Ne3 Qxc2 28. Nxc2 Rxe1+ 29. Rxe1 Bxa2 30. Re5 Rc8 31. Re2 Bb1 32. Ne1 Kf7 33. f4 Re8 34. Kf2 Rxe2+ 35. Kxe2 a5 36. Kd2 Be4 37. Kc3 b5 38. Kb3 Ke6 0-1

[Event "GER-ch U10"]
[Site "Magdeburg"]
[Date "2014.06.13"]
[Round "10"]
[White "Roessl, Adam"]
[Black "Kalina, Lena"]
[Result "1-0"]
[WhiteElo "1310"]
[BlackElo "781"]
[PlyCount "57"]
[EventDate "2014.06.08"]
[EventType "swiss"]
[EventRounds "11"]
[EventCountry "GER"]
[SourceTitle "CBM 160 Extra"]
[Source "ChessBase"]
[SourceDate "2014.07.01"]
[SourceVersion "1"]
[SourceVersionDate "2014.07.01"]
[SourceQuality "1"]

1. e4 e5 2. Nf3 Nc6 3. Bc4 Bc5 4. c3 Nf6 5. d4 exd4 6. cxd4 Bb4+ 7. Nc3 0-0 8. Bg5 d6 9. e5 h6 10. exf6 hxg5 11. fxg7 Kxg7 12. 0-0 Bg4 13. d5 Ne5 14. Be2 Ng6 15. Qd4+ f6 16. Qxg4 Bc5 17. Nd4 Bxd4 18. Qxd4 Nf4 19. Bf3 Rh8 20. Ne4 Rf8 21. Nxg5 c5 22. Qc3 b5 23. Ne6+ Nxe6 24. dxe6 Rb8 25. Rfd1 Re8 26. Bd5 b4 27. Qg3+ Kf8 28. e7+ Rxe7 29. Qg8# 1-0

[Event "GER-ch U10"]
[Site "Magdeburg"]
[Date "2014.06.11"]
[Round "6"]
[White "Roessl, Adam"]
[Black "Bardorz, Jana"]
[Result "1/2-1/2"]
[WhiteElo "1310"]
[BlackElo "1175"]
[PlyCount "50"]
[EventDate "2014.06.08"]
[EventType "swiss"]
[EventRounds "11"]
[EventCountry "GER"]
[SourceTitle "CBM 160 Extra"]
[Source "ChessBase"]
[SourceDate "2014.07.01"]
[SourceVersion "1"]
[SourceVersionDate "2014.07.01"]
[SourceQuality "1"]

1. e4 e5 2. Nf3 Nc6 3. Bc4 Nf6 4. d3 Be7 5. Nc3 d6 6. Nd5 Nxd5 7. Bxd5 Be6 8. Bxe6 fxe6 9. d4 exd4 10. Nxd4 Qd7 11. 0-0 0-0 12. c3 e5 13. Nf5 Bf6 14. Qg4 Kh8 15. f4 g6 16. Nh6 Qxg4 17. Nxg4 exf4 18. Bxf4 Be5 19. Bh6 Bg7 20. Bxg7+ Kxg7 21. Rae1 Rae8 22. Rxf8 Kxf8 23. Nf6 Re7 24. Rf1 Kg7 25. Rf4 Ne5 1/2-1/2

[Event "GER-ch U10"]
[Site "Magdeburg"]
[Date "2014.06.08"]
[Round "2"]
[White "Roessl, Adam"]
[Black "Wu, Leon"]
[Result "0-1"]
[WhiteElo "1310"]
[BlackElo "1568"]
[PlyCount "84"]
[EventDate "2014.06.08"]
[EventType "swiss"]
[EventRounds "11"]
[EventCountry "GER"]
[SourceTitle "CBM 160 Extra"]
[Source "ChessBase"]
[SourceDate "2014.07.01"]
[SourceVersion "1"]
[SourceVersionDate "2014.07.01"]
[SourceQuality "1"]

1. e4 e5 2. f4 d6 3. d4 exd4 4. Qxd4 Nc6 5. Bb5 Bd7 6. Bxc6 Bxc6 7. Nc3 Nf6 8. Be3 Be7 9. Nf3 0-0 10. 0-0-0 b5 11. e5 Nd7 12. exd6 Bxd6 13. f5 a5 14. a4 b4 15. Nb5 Be7 16. Qd3 Qc8 17. Ng5 h6 18. f6 Nxf6 19. h4 Rd8 20. Qc4 Bd5 21. Qxc7 Qxc7 22. Nxc7 Rac8 23. Nxd5 Nxd5 24. Nf3 Nxe3 25. Rxd8+ Rxd8 26. Re1 Bc5 27. b3 Nxg2 28. Rd1 Rxd1+ 29. Kxd1 Kf8 30. Kd2 g6 31. Kd3 Be7 32. c4 Ke8 33. Kd4 Kd7 34. Ne5+ Ke6 35. Ng4 h5 36. Ne5 Bf6 37. Kc5 Kxe5 38. Kb5 Bd8 39. c5 f5 40. c6 f4 41. Ka6 f3 42. Kb7 Kd6 0-1